000 00760aam a2200289 i 4500
001 768714001
003 CO-MdFUSB
005 20250429105814.0
007 ta
008 250429t1934 -us |||| |||| 00| 0 eng d
040 _cCO-MdFUSB
041 0 _aeng
082 0 4 _223
_a239
_bL6731n
100 1 _aLewis, Edwin (1881-)
_eautor
245 1 2 _aA manual of christian beliefs
_c/ Edwin Lewis
264 1 _bCharles Scribner's Sons,
_aNew York, USA :
_c[1934]
264 4 _c©1934
300 _a152 páginas
336 _atexto
_btxt
_2rdacontent
337 _2rdamedia
_asin mediación
_bn
338 _2rdacarrier
_avolumen
_bnc
563 _aPasta dura
650 7 _aApologética
_9187
942 _cBK
945 _aJTF-925
999 _c35282
_d35282